00289nam a2200109Ia 450000500170000000800410001710000280005824500480008626000120013430000110014665000220015720260328104321.0260328s9999||||xx |||||||||||||| ||und|| aBrooks Pfeiffer, Bruce  0aFrank Lloyd Wright /cBruce Brooks Pfeiffer bTaschen a175 p. aFRAN LLOYD WRIGHT